Регионална библиотека "Любен Каравелов" - Русе

Как да подготвим бизнес план (Запис номер 11889)

MARC детайли
000 -Лидер
Контролно поле с фиксирана дължина 01779nam a2200385 c 4500
003 - Код на организацията, давaща контролен номер
Контролно поле BLK
005 - Дата и час на последна редакция
Контролно поле 20240126095907.0
008 - Елементи от данни с фиксирана дължина
fixed length control field 180412b bul|||||r ||||||| ||bul||
010 ## - Наследен системен номер
LC control number KNG00013462000
020 ## - Международен стандартен номер на книга ISBN
Международен стандартен номер на книга ISBN 954-693-001-6
-- издат.: Кабри
040 ## - Източник на каталожния запис
Идентификатор на билиотеката - собственик на записа BLK
041 ## - Код за език
Код за езика на текст/звукозапис или на отделно заглавие Български
Код за езика КДБФ Български
080 ## - УДК
Текстов определител УДК Стопански планове. Стопанско планиране
УДК код - определител по УДК 338.26
УДК определител (035)
УДК - код + определител 338.26(035)
080 ## - УДК
Текстов определител УДК Форми на предприятията в зависимост от отношението към собствеността...
УДК код - определител по УДК 334.72
УДК определител .008.5(035)
УДК - код + определител 334.72.008.5(035)
100 1# - Редна дума - Автор
Автор Блекуел, Едуард
Авторска отговорност първи автор
R(LIN) 256995
139 ## - Редно поле
Редна дума Блекуел, Едуард
Авторски знак Бле - Б 48
245 10 - Сведения за заглавието
Заглавие Как да подготвим бизнес план
Редно поле (дума) Едуард Блекуел; прев. от англ. Елизабет Шолопова.
250 ## - Област на изданието
Сведения за изданието 5. прераб. изд.
257 ## - Страна на издаване
Страна на създаване/издаване Великобритания
260 ## - Област на издателските данни
-- София
Име на издателя, разпространителя и проч. Кабри
Година на издаване 1996
Печатница София : Очи
300 ## - Физическа характеристика
Страници 160 с.
Илюстрации и др. с табл.
Размери/Мащаб 21 см
380 ## - Жанр
Жанр Обществени науки
500 ## - Общи забележки
Забележка Без сведение за ориг. загл. - Офс. изд. - 1000 тир. - Доп. тир. 2008.
650 #4 - Допълнително описание по предмет – тема
Основно описание – тема или топоним Бизнес - планиране - наръчници и ръководства
9 (RLIN) 255722
650 #4 - Допълнително описание по предмет – тема
Основно описание – тема или топоним Фирми - планиране - наръчници и ръководства
9 (RLIN) 256996
653 ## - Ключова дума – ненормативна
Ключова дума бизнес
653 ## - Ключова дума – ненормативна
Ключова дума планиране
700 1# - Други автори (авторска отговорност)
Лично име Шолопова, Елизабет
Автороска отговорност (Описва отношението между автора и произведението) прев. от англ.
9 (RLIN) 143891
852 ## - Местоположение
Форматна сигнатура Цб 189753
856 4# - Електронен адрес и достъп
Електронен формат pdf - файл
Път до файла /url/
856 4# - Електронен адрес и достъп
Електронен формат pdf - файл
Път до файла /url/
942 ## - АРТИКУЛИ
Вид на библиотечния материал Книги
Скрит в OPAC Не
Koha issues (borrowed), all copies 9
944 ## - СЪЗДАВАНЕ И РЕДАКЦИЯ на ЗАПИСА
Създаване/Редакция Създаване
Дата на регистрацията/редакция 15.01.2003
Служител, извършил регистрацията/редакцията 30531
Статус, дата на статуса Цветелина Шанова
944 ## - СЪЗДАВАНЕ И РЕДАКЦИЯ на ЗАПИСА
Създаване/Редакция Редакция
Дата на регистрацията/редакция 17.03.2017
Служител, извършил регистрацията/редакцията Нора_Радева
999 ## - СИСТЕМНИ КОНТРОЛНИ НОМЕРА
Koha biblionumber 11889
Koha biblioitemnumber 11889
Наличности
Код за отписване Код за изгубен артикул Източник на класификационната схема Код за повреда Коз за рестрикции Код за отдаване Артикулен № Име на библиотеката - собственик Име на библиотеката, в която се намира в момента Статус (Текущо местоположение) Дата на вписване в системата Местоположение - отдел Цена в лева Инвентарен номер Систематично азбучна сигнатура Баркод Номер на екземпляра Цена в евро Служебна бележка Служебен тип на артикула
  Не е изгубен Universal Decimal Classification Не е повреден без рестрикции ползва се в читалня 20622 Регионална библиотека "Любен Каравелов" Русе Регионална библиотека "Любен Каравелов" Русе Хранилище 2001-01-01 Хранилище 1.20 625566 Цб 189753 120000625566 1 0.61 N: 27 Дата: 01.01.1996 Книги
Изтеглен Не е изгубен Universal Decimal Classification Не е повреден без рестрикции ползва се в читалня 20623 Регионална библиотека "Любен Каравелов" Русе Регионална библиотека "Любен Каравелов" Русе Читалня 2001-01-01 Читалня 1.80 626039 Ч 338/Б 48 626039 2 0.92 Дата инв: 23.03.2017 Бележки инв: Ч2017 Книги
  Не е изгубен   Не е повреден без рестрикции заемане за дома 20624 Регионална библиотека "Любен Каравелов" Русе Регионална библиотека "Любен Каравелов" Русе Заемна - подръчен фонд 2008-10-04 Заемна - подръчен фонд 18.00 120000730268 П 338.2/Б 48 120000730268 3 9.20 Дост: Pk Вид: Ф N: 8545 Дата: 03.10.2008 Дата инв: 05.02.2018 Бележки инв: П2018 Книги
Изтеглен Не е изгубен Universal Decimal Classification Не е повреден без рестрикции заемане за дома 20625 Регионална библиотека "Любен Каравелов" Русе Регионална библиотека "Любен Каравелов" Русе Заемна - подръчен фонд 2008-10-04 Заемна - подръчен фонд 18.00 120000730269 П 338.2/Б 48 120000730269 4 9.20 Дост: Pk Вид: Ф N: 8545 Дата: 03.10.2008 Книги
  Не е изгубен   Не е повреден без рестрикции заемане за дома 20626 Регионална библиотека "Любен Каравелов" Русе Регионална библиотека "Любен Каравелов" Русе Заемна - подръчен фонд 2008-10-04 Заемна - подръчен фонд 18.00 120000730270 П 338.2/Б 48 120000730270 5 9.20 Дост: Pk Вид: Ф N: 8545 Дата: 03.10.2008 Дата инв: 05.02.2018 Бележки инв: П2018 Книги
Vip Innovations Ltd, Rousse, Bulgaria 2025